000
00318nam a22001337a 4500
008
180920b xxu||||| |||| 00| 0 eng d
020
_a
0023447109
041
_a
eng
080
_2
7 ED
_a
615
100
_a
5
101
_a
SHF
245
_a
The Pharmacolgical Basic Of Therapeutics
_c
Gilman.A.G
942
_2
udc
_c
BK
999
_c
48146
_d
48146